000 01282nam a2200325 a 4500
001 000115605
003 CHAP
005 20220329144541.0
008 190613s2019 mx | |sm |||||||spa d
010 _a112066
011 _a113038
040 _cCHAP
090 _aTesis
100 1 _aPeralta González, Marycarmen.
_9127318
245 1 3 _aLa cultura productiva del olivo y su incidencia en las estrategias de vida de las familias y el desarrollo en espacios metropolizados en Chimalhuacán, Estado de México
_h[En línea]
_cpor Marycarmen Peralta González.
260 _aChapingo, Méx. :
_bEl autor,
_c2019.
500 _aPara ver el contenido del material haga clic en la liga
502 _aTesis (M. C. en Desarrollo Rural Regional) -- UACH. Dirección de Centros Regionales Universitarios
590 _aE11695DGD
_b10
_c20190616
_lUCH01
_h1138
590 _aE6337LMJ
_b05
_c20190613
_lUCH01
_h1040
590 _aE6337LMJ
_b05
_c20190613
_lUCH01
_h1041
650 1 4 _aCrecimiento de la población.
_928873
650 1 4 _aCultivos
_xRendimiento.
_930318
650 1 4 _aFamilia
_xCalidad de vida.
_9132327
650 1 4 _aOlivo
_xCultivo.
_9132795
856 _aFinding aid
_uhttp://10.13.5.2/tesis/sist115605.pdf
_zTeclea aquí
901 _aBK
942 _cTESIS
942 _n0
999 _c112066
_d112066